000 00320nam a2200133Ia 4500
008 230312s9999||||xx |||||||||||||| ||und||
082 _a891.4
_bHUS.R
100 _aالحاج محمد حسین گوھر
245 0 _aروزہ
260 _bNazaria pakistan
_apak
300 _a192
650 _aLiterature
942 _cBK
999 _c15039
_d15039